NCR Ltd v Riverland Portfolio Ltd no.1 (Record no. 74893)
[ view plain ]
| 000 -LEADER | |
|---|---|
| fixed length control field | 01326cab a2200217 4500 |
| 001 - CONTROL NUMBER | |
| control field | ABS68841 |
| 008 - FIXED-LENGTH DATA ELEMENTS--GENERAL INFORMATION | |
| fixed length control field | 050308n2005 000 0 eng u |
| 035 ## - SYSTEM CONTROL NUMBER | |
| System control number | (Sirsi) u128990 |
| 041 ## - LANGUAGE CODE | |
| Language code of text/sound track or separate title | eng |
| 245 ## - TITLE STATEMENT | |
| Title | NCR Ltd v Riverland Portfolio Ltd no.1 |
| 260 ## - PUBLICATION, DISTRIBUTION, ETC. | |
| Date of publication, distribution, etc. | 2005 |
| 490 ## - SERIES STATEMENT | |
| Series statement | Property, Planning and Compensation Reports |
| Volume/sequential designation | [2005] 1 P&CR 3 (13) |
| 520 ## - SUMMARY, ETC. | |
| Summary, etc. | [2004] EWHC 921 (Ch), 2 April 2004. Discusses whether payment of a reverse premium infringes a covenant prohibiting underletting unless at a suitable market rate rent. N had arranged a underlet including payment to the underlessee of a reverse premium. R argued that the underlet was in breach of the covenant, claiming that the premium lowered the actual amount paid as rent. "Held": the payment of a reverse premium was accepted as a way of satisfying headlease conditions. The clause did not expressly prohibit the granting of a reverse premium. |
| 590 ## - LOCAL NOTE (RLIN) | |
| Local note | ABS |
| 650 ## - SUBJECT ADDED ENTRY--TOPICAL TERM | |
| Topical term or geographic name entry element | A G SECURITIES V VAUGHAN |
| 650 ## - SUBJECT ADDED ENTRY--TOPICAL TERM | |
| Topical term or geographic name entry element | HOMEBASE LTD AND ANOTHER V ALLIED DUNBAR ASSURANCE PLC |
| 650 ## - SUBJECT ADDED ENTRY--TOPICAL TERM | |
| Topical term or geographic name entry element | SNOOK V LONDON AND WEST RIDING INVESTMENTS LTD |
| 650 ## - SUBJECT ADDED ENTRY--TOPICAL TERM | |
| Topical term or geographic name entry element | NCR LTD V RIVERLAND PORTFOLIO LTD NO 1 |
| 690 ## - LOCAL SUBJECT ADDED ENTRY--TOPICAL TERM (OCLC, RLIN) | |
| Topical term or geographic name as entry element | PROPERTY-COMMERCIAL PROPERTY-LEASEHOLD COMMERCIAL PROPERTY-COMMERCIAL LANDLORD AND TENANT-BUSINESS TENANCIES-BREACHING BUSINESS TENANCIES |
| 942 ## - ADDED ENTRY ELEMENTS (KOHA) | |
| Suppress in OPAC | 0 |
| Withdrawn status | Lost status | Source of classification or shelving scheme | Damaged status | Not for loan | Home library | Current library | Shelving location | Date acquired | Total Checkouts | Full call number | Barcode | Date last seen | Copy number | Price effective from | Koha item type |
|---|---|---|---|---|---|---|---|---|---|---|---|---|---|---|---|
| Dewey Decimal Classification | London | London | Journal article | 08/03/2005 | ABS68841 | 128990-1001 | 06/08/2019 | 1 | 06/08/2019 | Journal article |